One summer [Large Print] / David Baldacci.
Available copies
- 0 of 1 copy available at LARL/NWRL Consortium.
- 0 of 1 copy available at Lake Agassiz Regional Library. (Show preferred library)
Current holds
0 current holds with 1 total copy.
View other formats and editions
Show Only Available Copies
| Location | Call Number / Copy Notes | Barcode | Shelving Location | Status | Due Date |
|---|---|---|---|---|---|
| Hawley Public Library | LARGE PRINT BAL (Text) | 33500010546323 | Main | Checked out | 07/18/2026 |
Record details
- ISBN: 9781455500123 (lg. print : hbk.)
- ISBN: 1455500127 (lg. print : hbk.)
- Physical Description: 501 p. (large print) ; 22 cm.
- Edition: Large print ed., 1st ed.
- Publisher: New York : Grand Central Pub. Large Print, 2011.
Content descriptions
| Summary, etc.: | Jack, terminally ill and preparing to say goodbye ... Read More |
Search for related items by subject
| Subject: | Life change events > Fiction. Loss (Psychology) > Fiction. Parents > Death > Fiction. Families > Fiction. Custody of children > Fiction. South Carolina > Fiction. Large type books. |
| Genre: | Domestic fiction. |
| LDR | 01925cam a2200421Ia 4500 | ||
|---|---|---|---|
| 001 | 132089 | ||
| 003 | LARL_NWRL_CONSORTIUM | ||
| 005 | 20110914104120.0 | ||
| 008 | 110418s2011 nyu d 000 1 eng d | ||
| 020 | . | ‡a9781455500123 (lg. print : hbk.) | |
| 020 | . | ‡a1455500127 (lg. print : hbk.) | |
| 035 | . | ‡a(OCoLC)728521867 | |
| 037 | . | ‡bGrand Central Pub, C/O Little Brown & Co Order Dept Three Center Plaza, Boston, MA, USA, 02108-2003 ‡nSAN 200-2205 | |
| 040 | . | ‡aNjBwBT ‡beng ‡cCKE ‡dKNJ ‡dZPX ‡dIH7 ‡dOQX ‡dLF3 ‡dSRC ‡dZGV ‡dBUL ‡dOCLCQ | |
| 043 | . | ‡an-us-sc | |
| 050 | 1 | 4. | ‡aPS3552.A446 ‡bO54 2011b |
| 082 | 0 | 4. | ‡a813/.54 ‡222 |
| 100 | 1 | . | ‡aBaldacci, David. ‡0(LARL_NWRL_CONSORTIUM)9897 |
| 245 | 1 | 0. | ‡aOne summer ‡h[Large Print] / ‡cDavid Baldacci. |
| 250 | . | ‡aLarge print ed., 1st ed. | |
| 260 | . | ‡aNew York : ‡bGrand Central Pub. Large Print, ‡c2011. | |
| 300 | . | ‡a501 p. (large print) ; ‡c22 cm. | |
| 520 | . | ‡aJack, terminally ill and preparing to say goodbye to his family, has a miraculous recovery after his wife is killed in a car accident and struggles to reunite his family at her childhood home on the South Carolina oceanfront. | |
| 650 | 0. | ‡aLife change events ‡vFiction. ‡0(LARL_NWRL_CONSORTIUM)165934 | |
| 650 | 0. | ‡aLoss (Psychology) ‡vFiction. ‡0(LARL_NWRL_CONSORTIUM)165927 | |
| 650 | 0. | ‡aParents ‡xDeath ‡vFiction. ‡0(LARL_NWRL_CONSORTIUM)173947 | |
| 650 | 0. | ‡aFamilies ‡vFiction. ‡0(LARL_NWRL_CONSORTIUM)164942 | |
| 650 | 0. | ‡aCustody of children ‡vFiction. ‡0(LARL_NWRL_CONSORTIUM)164234 | |
| 651 | 0. | ‡aSouth Carolina ‡vFiction. ‡0(LARL_NWRL_CONSORTIUM)167302 | |
| 650 | 0. | ‡aLarge type books. ‡0(LARL_NWRL_CONSORTIUM)24284 | |
| 655 | 0. | ‡aDomestic fiction. | |
| 948 | . | ‡hNO HOLDINGS IN LAL - 656 OTHER HOLDINGS | |
| 994 | . | ‡aZ0 ‡bLAL | |
| 901 | . | ‡a132089 ‡bOCLC ‡c132089 ‡tbiblio | |

Add to basket
Permalink
Disable Highlighting